000 01073nam a22003377a 4500
001 000747
003 DO-SdBNP
005 20240701131600.0
007 000747
008 161125b1997 sp a | 00| 0 spa d
020 _a8434845296
040 _aBPMSU
_bspa
_cBPMSU
082 4 _a849.954
_bC312t 1997
_222
100 1 _aCarranza, Maite,
_d1958-
245 1 3 _aEl topo Timoteo y Chelo Chándal /
_cMaite Carranza ; ilustraciones de Lluís Filella ; traducción del catalán Marcelino Redondo Serna. ;
250 _a3ª ed.
260 _aBarcelona :
_bEdiciones SM,
_c1997
300 _a5v :
_bil. ;
_c19 cm.
490 0 _aLa pipa de la paz
500 _aA partir de 8 años.
500 _a
590 _aInventariado, 2024/VM
600 _m
650 4 _aCuentos infantiles catalanes
650 4 _a Deportes
_vCuentos
650 4 _aTrabajo de la mujer
_vCuentos infantiles
700 1 _a Filella,Lluís,
_d1961-
_eilustración
700 1 _aRedondo Serna, Marcelino,
_etraductor
910 _aVMateo V. Control de calidad.BPMSU
942 _2ddc
_cBK
999 _c14709
_d14709